Desarrollo de un software de apoyo para el curso del laboratorio de máquinas eléctricas 1
সংরক্ষণ করুন:
| প্রধান লেখক: | |
|---|---|
| বিন্যাস: | গ্রন্থ |
| প্রকাশিত: |
[San José, Costa Rica]
2009
|
| বিষয়গুলি: | |
| ট্যাগগুলো: |
ট্যাগ যুক্ত করুন
কোনো ট্যাগ নেই, প্রথমজন হিসাবে ট্যাগ করুন!
|
MARC
| LEADER | 00000nam a2200000Ia 4500 | ||
|---|---|---|---|
| 003 | 001478 | ||
| 005 | 20221231144044.0 | ||
| 008 | 140114s2009 cr a 000 ||s d | ||
| 040 | |c cru CEDI | ||
| 090 | |a TFG 5997 | ||
| 100 | |a Lios Cheng, Rodolfo |9 3506 | ||
| 245 | |a Desarrollo de un software de apoyo para el curso del laboratorio de máquinas eléctricas 1 | ||
| 260 | |c 2009 |b [San José, Costa Rica] | ||
| 300 | |a 82 hojas; ilustraciones | ||
| 500 | |a Proyecto de graduación (bachillerato en ingeniería eléctrica)--Universidad de Costa Rica. Facultad de Ingeniería. Escuela de Ingeniería Eléctrica | ||
| 650 | |x MATLAB (PROGRAMAS PARA COMPUTADORA) |x PROGRAMAS PARA COMPUTADORA |x DISEÑO DE SISTEMAS |x TRANSFORMADORES ELECTRICOS |9 3507 | ||
| 942 | |c TFG | ||
| 999 | |c 16231 |d 16231 | ||
